Composites manufacturing : materials, product, and process engineering

Αποθηκεύτηκε σε:
Λεπτομέρειες βιβλιογραφικής εγγραφής
Κύριος συγγραφέας: Mazumdar, Sanjay K.
Μορφή: Βιβλίο
Γλώσσα:English
Δημοσίευση: Boca Raton, FL : CRC Press, c2002
Θέματα:
Ετικέτες: Προσθήκη ετικέτας
Δεν υπάρχουν, Καταχωρήστε ετικέτα πρώτοι!

MARC

LEADER 00000nam a2200000 i 4500
001 1/36083
008 061025s2002 eng d
020 |a 0-8493-0585-3 
035 |l 10085724 
040 |a GR-MY-UA  |b gre  |e aacr 
041 0 |a eng 
082 0 |a 620.118  |2 (22) 
100 1 |a Mazumdar, Sanjay K. 
245 1 0 |a Composites manufacturing :  |b materials, product, and process engineering /  |c Sanjay K. Mazumdar 
260 |a Boca Raton, FL :   |b CRC Press,   |c c2002 
300 |a 392 σ.;  |b εικ.;  |c 24 εκ. 
504 |a Περιλαμβάνει βιβλιογραφία και ευρετήριο 
650 0 0 |a Composite materials. 
852 |a INST  |b SYROS  |e 20061025  |h 620.118 MAZ  |p 005500007580  |q 005500007580  |t BK  |y 0 
901 |a BIBL5-2006-3 
909 |a Ε  |b 129570 
922 |a 5ΕΛΗ  |b 200610  |c ΒΙΒΛΙΟΘΗΚΗ ΣΥΡΟΥ  |d ΜΙΧΑΛΟΠΟΥΛΟΣ 
950 |a 188-2006-09-18 
970 |a ΚΟΝΤΟΥ  |b ΠΑΡΑΣΚΕΥΗ  |z 2006/12/21